000 00567nam a2200157 i 4500
001 57211
003 ES-MaACL
005 20230906163532.0
007 t|
008 031015s1913 fr ||||1| eng d
245 0 4 _aThe divans of the six ancient arabic poets Ennabiga, Antara, Tharafa, Zuhair, Alqama and Imruulgais chiefly according to the M.S.S. of Paris Gotha and Leyden /
_cedited by W. Ahlwardt.
260 _a[S.l. :
_bs.n.,
_c1913] (
_eParis :
_fPaul Geuthier)
300 _a1 v. ;
_c24 cm.
700 1 _aAhlwardt, Wilhelm.
_9141881
852 _aES-MaACL
_jF-798
999 _c57211
_d57211